Traité de chimie organique apliquée / (Record no. 156384)
[ view plain ]
| 000 -LEADER | |
|---|---|
| campo de control de longitud fija | 00960nam a22001815i 4500 |
| 001 - NÚMERO DE CONTROL | |
| campo de control | 156384 |
| 003 - IDENTIFICADOR DE NÚMERO DE CONTROL | |
| campo de control | ES-MaACL |
| 005 - FECHA Y HORA DE LA ÚLTIMA TRANSACCIÓN | |
| campo de control | 20230906210410.0 |
| 008 - DATOS DE LONGITUD FIJA--INFORMACIÓN GENERAL | |
| campo de control de longitud fija | 990701s1896 fr |||| | fre d |
| 040 ## - FUENTE DE CATALOGACIÓN | |
| Centro catalogador/agencia de origen | GA |
| Lengua de catalogación | spa |
| Centro/agencia transcriptor | CCPB | 3D |
| 100 1# - ENTRADA PRINCIPAL--NOMBRE DE PERSONA | |
| Nombre de persona | Joannis, A. |
| 9 (RLIN) | 66680 |
| 245 10 - MENCIÓN DEL TÍTULO | |
| Título | Traité de chimie organique apliquée / |
| Mención de responsabilidad, etc. | par A. Joannis. |
| 260 ## - PUBLICACIÓN, DISTRIBUCIÓN, ETC. | |
| Lugar de publicación, distribución, etc. | Paris : |
| Nombre del editor, distribuidor, etc. | [s.n.], |
| Fecha de publicación, distribución, etc. | 1896 ( |
| Fabricante | Gauthier-Villars et fils) |
| 300 ## - DESCRIPCIÓN FÍSICA | |
| Extensión | 2 v. (688, 715 p.) ; |
| Dimensiones | 25 cm. |
| 505 8# - NOTA DE CONTENIDO CON FORMATO | |
| Nota de contenido con formato | En port. : Tome premier : Géneralités, carbures, alcools, phénols, éthers, aldéhydes, cétones, quinones, sucres -- Tome II : Hydrates de carbone, acides monobasiques a fonction simple et acides a fonctions mixtes, alcalis organiques, amides, nitriles, carbylamines composés azoiques et diazoiques, composés organo-métalliques matières alberminoides, fermentations, conservation des matières fermentescibles |
| 752 ## - ENTRADA AGREGADA--NOMBRE JERÁRQUICO DEL LUGAR | |
| País o entidad superior | Francia - |
| Ciudad | París |
| 852 ## - LOCALIZACIÓN | |
| Ubicación | ES-MaACL |
| Número de control de estantería | G-5858-5859 |
| Nota libre | -- Rúst. |
| Estatus retirado | Estado de pérdida | Estado de daño | No para préstamo | Colección | Biblioteca de origen | Biblioteca actual | Ubicación en estantería | Fecha de adquisición | Fuente de adquisición | Total de préstamos | Signatura topográfica completa | Código de barras | Visto por última vez | Precio de reemplazo | Tipo de ítem Koha |
|---|---|---|---|---|---|---|---|---|---|---|---|---|---|---|---|
| Libros del s. XIX | Biblioteca del Ateneo de Madrid | Biblioteca del Ateneo de Madrid | Depósito 2 | 17/01/2008 | G-5858-5859 | 1163612 | 23/02/2023 | 23/02/2023 | Libro impreso antiguo |
